Advanced corporate accounting/ (Record no. 193384)

MARC details
000 -LEADER
fixed length control field 00747nam a22002297a 4500
005 - DATE AND TIME OF LATEST TRANSACTION
control field 20221027113544.0
010 ## - LCCN (DPL NO)
LC control number ENG-135552
020 ## - INTERNATIONAL STANDARD BOOK NUMBER
Terms of availability 375.00
International Standard Book Number 9789352836482
035 ## - SYSTEM CONTROL NUMBER
System control number EN-119084
037 ## - SOURCE OF ACQUISITION
Source of stock number/acquisition DBAD/PUB
082 ## - DEWEY DECIMAL CLASSIFICATION NUMBER
Classification number 657
100 ## - MAIN ENTRY--PERSONAL NAME
Personal name Gupta, s c
245 ## - TITLE STATEMENT
Title Advanced corporate accounting/
Statement of responsibility, etc By M c shukla, T s grewal [and] S c gupta; editied by mp gupta and bm agarwal
260 ## - PUBLICATION, DISTRIBUTION, ETC. (IMPRINT)
Name of publisher, distributor, etc S. chand publishing
Date of publication, distribution, etc 2019
Place of publication, distribution, etc New delhi
270 ## - ADDRESS
Address 7361, ram nagar, qqutub road,
City New delhi
Postal code 110055
Electronic mail address info@schandpublishing.com
300 ## - PHYSICAL DESCRIPTION
Extent V.p.
Dimensions 22cm(pbk)
700 ## - ADDED ENTRY--PERSONAL NAME
Personal name Gupta M C
Relator term author
700 ## - ADDED ENTRY--PERSONAL NAME
Personal name Grewal T S
Relator term author
700 ## - ADDED ENTRY--PERSONAL NAME
Personal name Gupta M P
Relator term editor
700 ## - ADDED ENTRY--PERSONAL NAME
Personal name Agarwal B M
Relator term editor
942 ## - ADDED ENTRY ELEMENTS (KOHA)
Source of classification or shelving scheme Dewey Decimal Classification
Item type English Books
Call number suffix GUP
Classification part 657
Holdings
Withdrawn status Lost status Not for loan Collection code Home library Current library Date acquired Source of acquisition Cost, normal purchase price Full call number Barcode Copy number Cost, replacement price Koha item type
      Non-fiction Bawana Bawana 27/10/2022 DBAD/PUB 375.00 657 GUP EN-119084 1 375.00 English Books

© Delhi Public Library
Hit Counter
free hit counter